01429cam a22004214i 4500003000900000005001700009008004100026035001900067040003300086082002000119100004500139245011000184250002200294264006300316300007900379336002100458337002500479338002300504504002800527505025700555526001000812526001000822526000900832526000900841526000900850526000900859526000900868526000900877526000800886526000800894526000800902526000800910526000800918526000800926526000800934526000800942650005700950PE-LiUPU20250731180124.0150623s2004 pe b rb 000 0 spa d a(Sirsi) a28075 aPE-LiUPUbspacPE-LiUPUerda04a515.1bE88A2211 aEspinoza Ramos, Eduardo,d1946-,eautor.10aAnálisis matemático III :bpara estudiantes de ciencias e ingeniería.[3] /cEduardo Espinoza Ramos. aCuarta edición. 1aLima, Perú :bEditorial Sevicios Gráficos J.J.,c2004. a907 páginas :bilustraciones, gráficos diagrámas ;c22 centímetros atext2rdacontent aunmediated2rdamedia avolume2rdacarrier aIncluye bibliografía.0 aSuperficies cuádricas. Funciones vectoriales de variables real. Funciones reales de variable vectorial. Funciones vectoriales de varias variables. Integrales dobles. Integrales triples. Integrales curvilíneas o de línea. Integrales de superficie. aSEG44 aSEG26 aP159 aP155 aP154 aP153 aP150 aP100 aP31 aP30 aP26 aP25 aP24 aP22 aP15 aP1014aAnálisis matemáticoxProblemas, ejercicios, etc.